Jacques Derrida
Guardat en:
| Autor principal: | |
|---|---|
| Format: | Llibre |
| Idioma: | italià |
| Publicat: |
París
Adpf
2005
|
| Matèries: | |
| Etiquetes: |
Afegir etiqueta
Sense etiquetes, Sigues el primer a etiquetar aquest registre!
|
MARC
| LEADER | 00000nam a2200000 a 4500 | ||
|---|---|---|---|
| 001 | UCJ0085 | ||
| 003 | CL-VaPUC | ||
| 008 | 060623e20050000FR |||||||||||||||||ita|d | ||
| 020 | |a 2914935617 | ||
| 082 | 0 | 4 | |a 149.96 |b LIS |2 21 |
| 100 | |a Lisse, Michel |e autor |9 500154 | ||
| 245 | 1 | 0 | |a Jacques Derrida |
| 300 | |a 82 p | ||
| 942 | |c BK | ||
| 945 | |d 20060623 00:00:00 |a jtorresc | ||
| 260 | |a París |b Adpf |c 2005 | ||
| 600 | 0 | |a Derrida, Jacques |d 1930-2004 |9 449254 | |
| 650 | 0 | |a Estructuralismo |9 265696 | |
| 650 | 0 | |a Filosofía del lenguaje |9 257082 | |
| 583 | |a last modification |c 20060623 00:00:00 |k Rodrigo Vera | ||
| 999 | |c 317069 |d 317067 | ||
| 952 | |0 0 |1 0 |4 0 |6 149_960000000000000_LIS_2005 |7 0 |8 A |9 392816 |a BIBARQ |b BIBARQ |d 2019-11-22 |i 4239407 |o 149.96 LIS 2005 |p 4239407 |r 2025-01-20 |w 2019-11-22 |y BK |k ARQ | ||